[Event "HUN-chT2 Barcza 2223"]
[Site "Hungary"]
[Date "2022.12.04"]
[Round "2.8"]
[White "Szabo, Peter"]
[Black "Szabo, Levente"]
[Result "0-1"]
[WhiteElo "1592"]
[BlackElo "1845"]
[PlyCount "96"]
[EventDate "2022.11.20"]
[EventType "team-tourn"]
[EventRounds "7"]
[EventCountry "HUN"]
[SourceTitle "EXT 2025"]
[Source "ChessBase"]
[SourceDate "2024.10.14"]
[SourceVersion "1"]
[SourceVersionDate "2024.10.14"]
[SourceQuality "1"]
[WhiteTeam "Debrecen Sakkbaratok"]
[BlackTeam "Debrecen Sakkbaratok"]
[WhiteTeamCountry "HUN"]
[BlackTeamCountry "HUN"]

1. e4 c6 2. d4 d5 3. Nc3 dxe4 4. Nxe4 Nf6 5. Nxf6+ exf6 6. Nf3 Bd6 7. Bd3 0-0 8. 0-0 Re8 9. c3 Nd7 10. Qc2 Nf8 11. Nh4 g6 12. b3 Qc7 13. f4 Bd7 14. Bd2 Bg4 15. Kh1 Re7 16. Rf2 Rae8 17. c4 Qb8 18. Raf1 Be2 19. Bxe2 Rxe2 20. Qd3 R2e4 21. g3 Qc8 22. f5 g5 23. Ng2 Qd7 24. Bc3 Qe7 25. d5 Bb4 26. dxc6 Bxc3 27. Qxc3 bxc6 28. Rd1 Re2 29. Rxe2 Qxe2 30. Qd4 Re4 31. Qd3 Kg7 32. h3 Re5 33. Qxe2 Rxe2 34. Rd6 Rxa2 35. Rxc6 Ra3 36. b4 Rxg3 37. Kh2 Rb3 38. b5 Nd7 39. h4 Ne5 40. Rc7 Ng4+ 41. Kg1 Rb1+ 42. Ne1 Rxe1+ 43. Kg2 Rc1 44. hxg5 fxg5 45. c5 Ne3+ 46. Kh3 Nxf5 47. Kg4 Kg6 48. Rxa7 Rc3 0-1

[Event "HUN-chT2 Barcza 2122"]
[Site "Hungary"]
[Date "2022.02.13"]
[Round "6.12"]
[White "Szabo, Peter"]
[Black "Bekesi, Aron"]
[Result "1/2-1/2"]
[WhiteElo "1509"]
[BlackElo "1402"]
[PlyCount "45"]
[EventDate "2021.10.10"]
[EventType "team-tourn"]
[EventRounds "9"]
[EventCountry "HUN"]
[SourceTitle "EXT 2025"]
[Source "ChessBase"]
[SourceDate "2024.10.14"]
[SourceVersion "1"]
[SourceVersionDate "2024.10.14"]
[SourceQuality "1"]
[WhiteTeam "Debrecen Sakkiskola II"]
[BlackTeam "Debrecen Sakkbaratok"]
[WhiteTeamCountry "HUN"]
[BlackTeamCountry "HUN"]

1. e4 e5 2. Nf3 Nc6 3. Bb5 a6 4. Ba4 Be7 5. Nc3 d6 6. d4 Bd7 7. Bxc6 Bxc6 8. dxe5 dxe5 9. Qxd8+ Rxd8 10. Nxe5 Bd7 11. Nxd7 Rxd7 12. Bd2 Bb4 13. 0-0-0 Ne7 14. Ne2 Bc5 15. f3 Ng6 16. Kb1 f6 17. Nf4 Rxd2 18. Rxd2 Nxf4 19. g3 Ng6 20. Rhd1 Bd6 21. f4 Ke7 22. h4 h5 23. Rd5 1/2-1/2

[Event "HUN-chT2 Asztalos 1718"]
[Site "Hungary"]
[Date "2017.12.17"]
[Round "4.12"]
[White "Lippai, Gyorgy"]
[Black "Szabo, Peter"]
[Result "1-0"]
[WhiteElo "1691"]
[BlackElo "1766"]
[PlyCount "75"]
[EventDate "2017.10.29"]
[EventType "team-tourn"]
[EventRounds "9"]
[EventCountry "HUN"]
[SourceTitle "EXT 2021"]
[Source "ChessBase"]
[SourceDate "2020.10.23"]
[SourceVersion "1"]
[SourceVersionDate "2020.10.23"]
[SourceQuality "1"]
[WhiteTeam "Sarosd"]
[BlackTeam "Decs 1990"]
[WhiteTeamCountry "HUN"]
[BlackTeamCountry "HUN"]

1. e4 c5 2. Bc4 Nc6 3. a3 Nf6 4. Nc3 g6 5. d3 Bg7 6. Be3 d6 7. h3 0-0 8. Qd2 Nd4 9. Nge2 Nd7 10. 0-0 Ne5 11. Ba2 Nef3+ 12. gxf3 Nxf3+ 13. Kg2 Nxd2 14. Bxd2 e5 15. f4 Qh4 16. Rf3 Be6 17. Nd5 Rac8 18. Raf1 Bxd5 19. Bxd5 Rc7 20. Rg3 Kh8 21. Rg4 Qe7 22. f5 gxf5 23. Rxf5 Qe8 24. Ng3 Rg8 25. Nh5 h6 26. Be1 Qf8 27. Bh4 Kh7 28. c3 Bh8 29. Rf3 Rxg4+ 30. hxg4 b5 31. Be6 Qb8 32. Bf5+ Kg8 33. Nf6+ Bxf6 34. Bxf6 b4 35. Rh3 Qf8 36. g5 bxc3 37. Rxh6 Qxh6 38. gxh6 1-0

[Event "HUN-chT2 Asztalos 1617"]
[Site "Hungary"]
[Date "2017.04.09"]
[Round "11.11"]
[White "Samu, Jozsef"]
[Black "Szabo, Peter"]
[Result "1-0"]
[WhiteElo "1712"]
[BlackElo "1766"]
[PlyCount "53"]
[EventDate "2016.09.25"]
[EventType "team-tourn"]
[EventRounds "11"]
[EventCountry "HUN"]
[SourceTitle "EXT 2021"]
[Source "ChessBase"]
[SourceDate "2020.10.23"]
[SourceVersion "1"]
[SourceVersionDate "2020.10.23"]
[SourceQuality "1"]
[WhiteTeam "Kiraly Sakk"]
[BlackTeam "Decs 1990 II"]
[WhiteTeamCountry "HUN"]
[BlackTeamCountry "HUN"]

1. d4 d5 2. f4 c5 3. e3 Nf6 4. Nf3 e6 5. c3 Nc6 6. Bd3 Be7 7. 0-0 0-0 8. Nbd2 b6 9. Ne5 Bb7 10. Rf3 g6 11. Qe1 Kg7 12. Rh3 Nd7 13. Ndf3 f5 14. Kh1 Ndxe5 15. Nxe5 Nxe5 16. fxe5 c4 17. Bc2 b5 18. Bd2 Bc6 19. Qe2 Bd7 20. Rg1 Rf7 21. g4 Qf8 22. gxf5 exf5 23. Qh5 Qh8 24. Qh6+ Kg8 25. Rxg6+ Rg7 26. Rxg7+ Qxg7 27. Rg3 1-0

[Event "HUN-chT2 Asztalos 1617"]
[Site "Hungary"]
[Date "2017.02.26"]
[Round "9.10"]
[White "Szabo, Peter"]
[Black "Minorics, Tibor"]
[Result "1-0"]
[WhiteElo "1766"]
[BlackElo "1756"]
[PlyCount "107"]
[EventDate "2016.09.25"]
[EventType "team-tourn"]
[EventRounds "11"]
[EventCountry "HUN"]
[SourceTitle "EXT 2021"]
[Source "ChessBase"]
[SourceDate "2020.10.23"]
[SourceVersion "1"]
[SourceVersionDate "2020.10.23"]
[SourceQuality "1"]
[WhiteTeam "Decs 1990 II"]
[BlackTeam "Marcali"]
[WhiteTeamCountry "HUN"]
[BlackTeamCountry "HUN"]

1. d4 d5 2. Nf3 e6 3. c4 Nf6 4. Nc3 Be7 5. Bg5 0-0 6. e3 b6 7. cxd5 Nxd5 8. Bxe7 Qxe7 9. Bd3 Bb7 10. Rc1 c6 11. 0-0 Nd7 12. Re1 c5 13. Nxd5 exd5 14. b3 Rac8 15. dxc5 bxc5 16. Qd2 Nf6 17. Rc2 Rfd8 18. Qc1 Qd6 19. Be2 Nd7 20. Rd1 Nf8 21. h3 Ne6 22. Qb2 a5 23. Qa3 Qb6 24. Qc1 d4 25. exd4 cxd4 26. Rxc8 Rxc8 27. Qd2 Rd8 28. Ne5 g6 29. Nc4 Qb4 30. Nxa5 Qxd2 31. Rxd2 Bd5 32. Bc4 Kf8 33. Bxd5 Rxd5 34. b4 Rb5 35. a3 Ke8 36. Nb3 Rd5 37. Kf1 Kd7 38. g3 Kc6 39. a4 Rd8 40. Ke2 Kd5 41. Kd3 Rc8 42. Rc2 Rxc2 43. Kxc2 Kc4 44. b5 Kb4 45. b6 d3+ 46. Kb2 d2 47. Nxd2 Nd8 48. Nb3 Nb7 49. a5 Kb5 50. Kc3 Nd6 51. Kd4 Kc6 52. Nc5 Nb5+ 53. Kc4 Nd6+ 54. Kb4 1-0

[Event "HUN-chT2 Asztalos 1617"]
[Site "Hungary"]
[Date "2016.11.14"]
[Round "4.12"]
[White "Henyecz, Tamas"]
[Black "Szabo, Peter"]
[Result "0-1"]
[WhiteElo "1376"]
[BlackElo "1766"]
[PlyCount "84"]
[EventDate "2016.09.25"]
[EventType "team-tourn"]
[EventRounds "11"]
[EventCountry "HUN"]
[SourceTitle "EXT 2021"]
[Source "ChessBase"]
[SourceDate "2020.10.23"]
[SourceVersion "1"]
[SourceVersionDate "2020.10.23"]
[SourceQuality "1"]
[WhiteTeam "Fehervar"]
[BlackTeam "Decs 1990 II"]
[WhiteTeamCountry "HUN"]
[BlackTeamCountry "HUN"]

1. e4 c5 2. Nf3 Nc6 3. d4 cxd4 4. Nxd4 g6 5. c3 Bg7 6. Be3 d6 7. Bb5 Bd7 8. 0-0 Nf6 9. Nd2 0-0 10. h3 Rc8 11. Qa4 Nxd4 12. cxd4 Bxb5 13. Qxb5 Qd7 14. Qxd7 Nxd7 15. Rac1 b5 16. b3 a6 17. d5 Nc5 18. f4 Nd3 19. Rxc8 Rxc8 20. Nf3 Rc2 21. Rd1 Nc5 22. Bxc5 dxc5 23. e5 Kf8 24. d6 exd6 25. exd6 Ke8 26. d7+ Kd8 27. Kf1 Bd4 28. Nxd4 cxd4 29. Rxd4 Rxa2 30. g4 a5 31. Ke1 a4 32. bxa4 Rxa4 33. Rxa4 bxa4 34. Kd1 Kxd7 35. Kc2 Kc6 36. Kb2 Kd5 37. f5 gxf5 38. gxf5 f6 39. Ka3 Ke5 40. Kxa4 Kxf5 41. Kb4 Ke4 42. Kc3 Ke3 0-1

[Event "HUN-chT2 Asztalos 1516"]
[Site "Hungary"]
[Date "2016.03.20"]
[Round "9.10"]
[White "Csordas, Peter"]
[Black "Szabo, Peter"]
[Result "0-1"]
[WhiteElo "1617"]
[BlackElo "1774"]
[PlyCount "70"]
[EventDate "2015.09.13"]
[EventType "team-tourn"]
[EventRounds "11"]
[EventCountry "HUN"]
[SourceTitle "EXT 2017"]
[Source "ChessBase"]
[SourceDate "2016.10.25"]
[SourceVersion "1"]
[SourceVersionDate "2016.10.25"]
[SourceQuality "1"]
[WhiteTeam "Sarosd"]
[BlackTeam "Decs 1990 II"]
[WhiteTeamCountry "HUN"]
[BlackTeamCountry "HUN"]

1. e4 c5 2. Nf3 Nc6 3. d4 cxd4 4. Nxd4 g6 5. Be2 Bg7 6. Be3 Nf6 7. Nc3 d6 8. 0-0 0-0 9. Bf3 Ne5 10. Be2 Bd7 11. h3 Rc8 12. f4 Nc4 13. Bxc4 Rxc4 14. Qd3 Qc8 15. Rf3 a6 16. e5 Rxc3 17. bxc3 Nd5 18. exd6 exd6 19. Bd2 Qc5 20. Kh1 b5 21. f5 Be5 22. fxg6 hxg6 23. Raf1 Kg7 24. Nb3 Qc6 25. Na5 Qa8 26. c4 bxc4 27. Nxc4 Bb5 28. Qe4 f5 29. Qh4 Rh8 30. Nb6 Qb7 31. Qxh8+ Kxh8 32. c4 Qxb6 33. cxb5 axb5 34. g4 f4 35. Rc1 Kg7 0-1

[Event "HUN-chT2 Szechenyi 1516"]
[Site "Hungary"]
[Date "2016.02.28"]
[Round "8.11"]
[White "Barasits, Tibor"]
[Black "Szabo, Peter"]
[Result "1/2-1/2"]
[WhiteElo "1630"]
[BlackElo "1932"]
[PlyCount "32"]
[EventDate "2015.09.13"]
[EventType "team-tourn"]
[EventRounds "11"]
[EventCountry "HUN"]
[SourceTitle "EXT 2017"]
[Source "ChessBase"]
[SourceDate "2016.10.25"]
[SourceVersion "1"]
[SourceVersionDate "2016.10.25"]
[SourceQuality "1"]
[WhiteTeam "Arboretum"]
[BlackTeam "Gyor Elektromos"]
[WhiteTeamCountry "HUN"]
[BlackTeamCountry "HUN"]

1. e4 d5 2. exd5 Qxd5 3. Nc3 Qa5 4. d4 Nf6 5. Nf3 Bg4 6. Be2 e6 7. Bd2 Nbd7 8. 0-0 c6 9. a3 Be7 10. b4 Qc7 11. Ne5 Bxe2 12. Qxe2 0-0 13. Bf4 Bd6 14. Ne4 Nd5 15. Nxd6 Nxf4 16. Qg4 Nh3+ 1/2-1/2

[Event "HUN-chT2 Asztalos 1516"]
[Site "Hungary"]
[Date "2015.12.06"]
[Round "6.9"]
[White "Revesz, Denes"]
[Black "Szabo, Peter"]
[Result "1/2-1/2"]
[WhiteElo "1648"]
[BlackElo "1774"]
[PlyCount "27"]
[EventDate "2015.09.13"]
[EventType "team-tourn"]
[EventRounds "11"]
[EventCountry "HUN"]
[SourceTitle "CBM 170 Extra"]
[Source "ChessBase"]
[SourceDate "2016.02.25"]
[SourceVersion "1"]
[SourceVersionDate "2016.02.25"]
[SourceQuality "1"]
[WhiteTeam "Kaposvar Bastya"]
[BlackTeam "Decs 1990 II"]
[WhiteTeamCountry "HUN"]
[BlackTeamCountry "HUN"]

1. e4 c5 2. Nf3 Nc6 3. d4 cxd4 4. Nxd4 g6 5. c3 Bg7 6. Be3 d6 7. Be2 Nf6 8. f3 0-0 9. 0-0 a6 10. Na3 Qc7 11. Qd2 Rd8 12. Rac1 b5 13. Nxc6 Qxc6 14. c4 1/2-1/2

[Event "HUN-chT2 Asztalos 1415"]
[Site "Hungary"]
[Date "2015.03.01"]
[Round "7"]
[White "Mazak, Lajos"]
[Black "Szabo, Peter"]
[Result "1/2-1/2"]
[WhiteElo "1832"]
[BlackElo "1774"]
[PlyCount "70"]
[EventDate "2014.10.12"]
[EventType "team-tourn"]
[EventRounds "9"]
[EventCountry "HUN"]
[SourceTitle "EXT 2016"]
[Source "ChessBase"]
[SourceDate "2015.10.08"]
[SourceVersion "1"]
[SourceVersionDate "2015.10.08"]
[SourceQuality "1"]
[WhiteTeam "Peti MTE"]
[BlackTeam "Decs II"]
[WhiteTeamCountry "HUN"]
[BlackTeamCountry "HUN"]

1. d4 d5 2. c4 c6 3. Nc3 e6 4. e3 Nf6 5. Nf3 Nbd7 6. Bd3 dxc4 7. Bxc4 b5 8. Bd3 Bb7 9. 0-0 b4 10. Ne4 c5 11. Nxf6+ Nxf6 12. Bb5+ Ke7 13. dxc5 Qxd1 14. Rxd1 Rc8 15. Bd2 a5 16. Rac1 Bc6 17. Bxc6 Rxc6 18. Nd4 Rc8 19. a3 Ne4 20. Be1 e5 21. Nf3 bxa3 22. bxa3 Ke6 23. Bxa5 Bxc5 24. Bb4 Bxb4 25. axb4 Rxc1 26. Rxc1 Rb8 27. Rb1 f6 28. Kf1 Rb5 29. Ke1 Nc3 30. Rc1 Nd5 31. Rc6+ Kd7 32. Rc5 Rxc5 33. bxc5 Kc6 34. Kd2 Kxc5 35. e4 Nf4 1/2-1/2

[Event "HUN-chT2 Asztalos 1415"]
[Site "Hungary"]
[Date "2015.02.08"]
[Round "6"]
[White "Szabo, Peter"]
[Black "Hoflinger, Istvan"]
[Result "0-1"]
[WhiteElo "1774"]
[BlackElo "1835"]
[PlyCount "84"]
[EventDate "2014.10.12"]
[EventType "team-tourn"]
[EventRounds "9"]
[EventCountry "HUN"]
[SourceTitle "EXT 2016"]
[Source "ChessBase"]
[SourceDate "2015.10.08"]
[SourceVersion "1"]
[SourceVersionDate "2015.10.08"]
[SourceQuality "1"]
[WhiteTeam "Decs II"]
[BlackTeam "Dunaujvaros"]
[WhiteTeamCountry "HUN"]
[BlackTeamCountry "HUN"]

1. d4 g6 2. c4 Bg7 3. Nc3 d6 4. e4 Nd7 5. Nf3 e5 6. d5 Nh6 7. h3 0-0 8. Be2 a5 9. 0-0 f5 10. Bg5 Qe8 11. Nd2 Nf7 12. Bh4 g5 13. Bg3 f4 14. Bh2 Nf6 15. a3 Bd7 16. b4 b6 17. c5 bxc5 18. bxc5 dxc5 19. Nb3 Qe7 20. a4 Nd6 21. Nxc5 Rfb8 22. Rb1 Rb4 23. Nxd7 Qxd7 24. f3 Rab8 25. Qc2 c6 26. Qa2 Kh8 27. Rfd1 Qa7+ 28. Kh1 Qc5 29. Qa1 Rxb1 30. Rxb1 Rxb1+ 31. Nxb1 cxd5 32. Bg1 d4 33. Qb2 h6 34. Nd2 Kh7 35. Kh2 Nd7 36. Bf2 Nb6 37. Bb5 Nxb5 38. Qxb5 Qxb5 39. axb5 a4 40. Nb1 Bf8 41. Nd2 Bb4 42. Be1 a3 0-1

[Event "HUN-chT2 Asztalos 1112"]
[Site "Hungary"]
[Date "2011.10.30"]
[Round "2.10"]
[White "Nagy, Imre"]
[Black "Szabo, Peter"]
[Result "1/2-1/2"]
[WhiteElo "2144"]
[BlackElo "1943"]
[PlyCount "28"]
[EventDate "2011.09.25"]
[EventType "team-tourn"]
[EventRounds "11"]
[EventCountry "HUN"]
[SourceTitle "EXT 2013"]
[Source "ChessBase"]
[SourceDate "2012.11.22"]
[SourceVersion "1"]
[SourceVersionDate "2012.11.22"]
[SourceQuality "1"]
[WhiteTeam "Komlo"]
[BlackTeam "Dombovar"]
[WhiteTeamCountry "HUN"]
[BlackTeamCountry "HUN"]

1. e4 c5 2. Nf3 g6 3. Bc4 Bg7 4. c3 e6 5. Qe2 Nc6 6. d3 Nge7 7. Be3 d6 8. 0-0 0-0 9. d4 cxd4 10. cxd4 d5 11. exd5 Nxd5 12. Nc3 Nce7 13. Rad1 a6 14. Bg5 f6 1/2-1/2

[Event "HUN-chT2 Asztalos 1011"]
[Site "Hungary"]
[Date "2011.05.01"]
[Round "10.7"]
[White "Katona, Ferenc Jr"]
[Black "Szabo, Peter"]
[Result "1-0"]
[WhiteElo "1903"]
[BlackElo "1990"]
[PlyCount "59"]
[EventDate "2010.09.12"]
[EventType "team-tourn"]
[EventRounds "11"]
[EventCountry "HUN"]
[SourceTitle "EXT 2012"]
[Source "ChessBase"]
[SourceDate "2011.11.24"]
[SourceVersion "1"]
[SourceVersionDate "2011.11.24"]
[SourceQuality "1"]
[WhiteTeam "Dunajvaros"]
[BlackTeam "Dombovar"]
[WhiteTeamCountry "HUN"]
[BlackTeamCountry "HUN"]

1. d4 d5 2. e3 Nf6 3. f4 e6 4. Nf3 c5 5. c3 Nc6 6. Bd3 Qb6 7. 0-0 Be7 8. Nbd2 0-0 9. Ne5 cxd4 10. exd4 Rd8 11. Qf3 g6 12. Qh3 Bf8 13. Ndf3 Bd7 14. Ng5 Be8 15. Ng4 Nh5 16. Nxh7 Bg7 17. Ng5 Ne7 18. Ne5 Nc6 19. Kh1 Ne7 20. g4 Nf6 21. f5 exf5 22. gxf5 Nh5 23. Ngxf7 Bxe5 24. Nxe5 Nxf5 25. Bxf5 gxf5 26. Qxf5 Qd6 27. Rg1+ Kh8 28. Qg4 Qf8 29. Bh6 Nf6 30. Bg7+ 1-0

[Event "HUN-chT2 Asztalos 1011"]
[Site "Hungary"]
[Date "2010.09.26"]
[Round "2.7"]
[White "Szabo, Peter"]
[Black "Csire, Bence"]
[Result "1/2-1/2"]
[WhiteElo "1990"]
[BlackElo "1870"]
[PlyCount "60"]
[EventDate "2010.09.12"]
[EventType "team-tourn"]
[EventRounds "11"]
[EventCountry "HUN"]
[SourceTitle "EXT 2012"]
[Source "ChessBase"]
[SourceDate "2011.11.24"]
[SourceVersion "1"]
[SourceVersionDate "2011.11.24"]
[SourceQuality "1"]
[WhiteTeam "Dombovar"]
[BlackTeam "Szekesfehervar"]
[WhiteTeamCountry "HUN"]
[BlackTeamCountry "HUN"]

1. d4 d5 2. Nf3 Nf6 3. c4 e6 4. Nc3 Be7 5. Bg5 h6 6. Bh4 0-0 7. e3 b6 8. Rc1 Bb7 9. cxd5 Nxd5 10. Bxe7 Qxe7 11. Bd3 Rc8 12. 0-0 Nd7 13. Qd2 c5 14. e4 cxd4 15. Nxd5 exd5 16. exd5 Bxd5 17. Nxd4 Rxc1 18. Rxc1 Nc5 19. Bb1 Rd8 20. Re1 Qf6 21. Qe3 Be4 22. Bxe4 Nxe4 23. Qxe4 Qxd4 24. Qxd4 Rxd4 25. Kf1 Rd2 26. Re2 Rd1+ 27. Re1 Rd2 28. Re2 Rd1+ 29. Re1 Rd2 30. Re2 Rd1+ 1/2-1/2

[Event "HUN-chT2 Asztalos 0910"]
[Site "Hungary"]
[Date "2009.12.20"]
[Round "4"]
[White "Szabo, Peter"]
[Black "Varadi, Benedek"]
[Result "1/2-1/2"]
[WhiteElo "2042"]
[BlackElo "1729"]
[PlyCount "66"]
[EventDate "2009.11.08"]
[EventType "team-tourn"]
[EventRounds "11"]
[EventCountry "HUN"]
[SourceTitle "EXT 2011"]
[Source "ChessBase"]
[SourceDate "2010.11.26"]
[SourceVersion "1"]
[SourceVersionDate "2010.11.26"]
[SourceQuality "1"]
[WhiteTeam "Dombovar"]
[BlackTeam "Dunaujvaros"]
[WhiteTeamCountry "HUN"]
[BlackTeamCountry "HUN"]

1. d4 Nf6 2. Nf3 d6 3. c4 g6 4. Nc3 Bg7 5. e4 0-0 6. Be2 e5 7. 0-0 Nc6 8. d5 Ne7 9. Ne1 Nd7 10. Nd3 f5 11. f3 f4 12. Bd2 g5 13. Nf2 Nf6 14. b4 h5 15. h3 Ne8 16. Qc2 Rf6 17. Rfc1 Rg6 18. c5 g4 19. fxg4 hxg4 20. Bxg4 Nf6 21. Bf3 Nh7 22. Qd3 Kh8 23. Ne2 Ng8 24. Be1 Nh6 25. cxd6 cxd6 26. Rc3 Qb6 27. Kh2 Bd7 28. Rac1 Qd8 29. Rc7 Rb8 30. b5 Nf6 31. a4 Ne8 32. R7c2 Qg5 33. Qb3 Ng8 1/2-1/2

[Event "HUN-chT2 Asztalos 0910"]
[Site "Hungary"]
[Date "2009.12.06"]
[Round "3"]
[White "Bogar, Peter"]
[Black "Szabo, Peter"]
[Result "1-0"]
[WhiteElo "2006"]
[BlackElo "2042"]
[PlyCount "73"]
[EventDate "2009.11.08"]
[EventType "team-tourn"]
[EventRounds "11"]
[EventCountry "HUN"]
[SourceTitle "EXT 2011"]
[Source "ChessBase"]
[SourceDate "2010.11.26"]
[SourceVersion "1"]
[SourceVersionDate "2010.11.26"]
[SourceQuality "1"]
[WhiteTeam "Decs II"]
[BlackTeam "Dombovar"]
[WhiteTeamCountry "HUN"]
[BlackTeamCountry "HUN"]

1. e4 c5 2. Nf3 g6 3. d4 cxd4 4. Nxd4 Nc6 5. Be3 Bg7 6. Nc3 Nf6 7. Bc4 0-0 8. Bb3 a5 9. f3 d5 10. Bxd5 Nxd5 11. Nxd5 Nxd4 12. Bxd4 Bxd4 13. Qxd4 Be6 14. h4 Bxd5 15. exd5 Qc7 16. 0-0-0 Rac8 17. Rd2 Rfd8 18. h5 g5 19. h6 f6 20. Qg4 Qd7 21. Qe4 e5 22. d6 Qf7 23. Kb1 Rc6 24. Rhd1 Rd7 25. Qf5 Kf8 26. g3 Ke8 27. f4 gxf4 28. gxf4 exf4 29. Re1+ Kd8 30. Qxa5+ b6 31. Qa8+ Rc8 32. Qa6 Rb8 33. Re7 Qh5 34. Rxd7+ Kxd7 35. Qa7+ Ke6 36. Qe7+ Kf5 37. Rd5+ 1-0

[Event "Coulsdon Easter-B"]
[Site "Coulsdon"]
[Date "2008.04.11"]
[Round "8"]
[White "Gibson, Christopher A"]
[Black "Szabo, Peter"]
[Result "1-0"]
[WhiteElo "2039"]
[BlackElo "2038"]
[PlyCount "73"]
[EventDate "2008.04.07"]
[EventType "tourn"]
[EventRounds "9"]
[EventCountry "ENG"]
[SourceTitle "EXT 2010"]
[Source "ChessBase"]
[SourceDate "2010.11.25"]
[SourceVersion "1"]
[SourceVersionDate "2010.11.25"]
[SourceQuality "1"]

1. d4 d6 2. c4 Nf6 3. Nc3 g6 4. e4 Bg7 5. f3 Nbd7 6. Be3 e5 7. d5 b6 8. Qd2 0-0 9. g4 a5 10. Nge2 Ne8 11. Ng3 Nc5 12. 0-0-0 f6 13. h4 Kf7 14. h5 Rg8 15. hxg6+ hxg6 16. Bh3 g5 17. Nf5 Bxf5 18. gxf5 Bf8 19. Bg4 Be7 20. Bh5+ Kf8 21. Bg6 Ng7 22. Rh7 Qd7 23. Qh2 Bd8 24. Rh8 Ne8 25. Bxe8 Qxe8 26. Qh6+ Ke7 27. Rh7+ Qf7 28. Bxc5 bxc5 29. Rh1 Ke8 30. Nb5 Rc8 31. Na7 Ra8 32. Nc6 Rc8 33. Rxf7 Kxf7 34. Qh5+ Kf8 35. Qh7 Rg7 36. Qh8+ Rg8 37. Rh7 1-0

[Event "Coulsdon Easter-B"]
[Site "Coulsdon"]
[Date "2008.04.10"]
[Round "6"]
[White "Fordham, Nicholas"]
[Black "Szabo, Peter"]
[Result "1-0"]
[WhiteElo "1947"]
[BlackElo "2038"]
[PlyCount "47"]
[EventDate "2008.04.07"]
[EventType "tourn"]
[EventRounds "9"]
[EventCountry "ENG"]
[SourceTitle "EXT 2010"]
[Source "ChessBase"]
[SourceDate "2010.11.25"]
[SourceVersion "1"]
[SourceVersionDate "2010.11.25"]
[SourceQuality "1"]

1. e4 d6 2. d4 Nf6 3. Nc3 g6 4. f4 Bg7 5. Be2 c5 6. e5 dxe5 7. dxe5 Qxd1+ 8. Bxd1 Ng4 9. h3 Nh6 10. Be3 Na6 11. Be2 b6 12. Bb5+ Kf8 13. 0-0-0 Bb7 14. Rd7 Rb8 15. Nf3 Nf5 16. Rxb7 Rxb7 17. Bxa6 Rd7 18. Bf2 f6 19. e6 Rd8 20. g4 Nd6 21. Rd1 f5 22. Ne5 Bxe5 23. fxe5 Nf7 24. exf7 1-0

[Event "Coulsdon Easter-B"]
[Site "Coulsdon"]
[Date "2008.04.10"]
[Round "6"]
[White "Szabo, Peter"]
[Black "Bailey, Kevin J"]
[Result "0-1"]
[WhiteElo "2038"]
[BlackElo "2062"]
[PlyCount "74"]
[EventDate "2008.04.07"]
[EventType "tourn"]
[EventRounds "9"]
[EventCountry "ENG"]
[SourceTitle "EXT 2010"]
[Source "ChessBase"]
[SourceDate "2010.11.25"]
[SourceVersion "1"]
[SourceVersionDate "2010.11.25"]
[SourceQuality "1"]

1. Nf3 c5 2. g3 Nc6 3. d3 g6 4. Bg2 Bg7 5. 0-0 e5 6. e4 Nge7 7. Nbd2 0-0 8. a4 d6 9. c3 h6 10. Re1 Be6 11. Nc4 Qd7 12. Qc2 Rad8 13. a5 f5 14. exf5 Nxf5 15. Ne3 Nfe7 16. h4 Rf7 17. Nf1 Rdf8 18. N1h2 Bf5 19. Qe2 d5 20. Bd2 e4 21. dxe4 dxe4 22. Red1 exf3 23. Bxf3 Bd3 24. Qe3 c4 25. Be1 Ne5 26. Bg2 N7c6 27. f4 Ng4 28. Nxg4 Qxg4 29. Bd5 Kh7 30. Bxf7 Rxf7 31. Rd2 Re7 32. Qf2 Bf6 33. Kh2 Kg7 34. Qg2 Be4 35. Qf2 g5 36. hxg5 hxg5 37. a6 Qh5+ 0-1

[Event "HUN-chT2 Asztalos 0708"]
[Site "Hungary"]
[Date "2008.03.02"]
[Round "7"]
[White "Szabo, Peter"]
[Black "Izso, Laszlo"]
[Result "1/2-1/2"]
[WhiteElo "2037"]
[BlackElo "2024"]
[PlyCount "59"]
[EventDate "2007.10.14"]
[EventType "team-tourn"]
[EventRounds "11"]
[EventCountry "HUN"]
[SourceTitle "EXT 2009"]
[Source "ChessBase"]
[SourceDate "2008.11.26"]
[SourceVersion "1"]
[SourceVersionDate "2008.11.26"]
[SourceQuality "1"]
[WhiteTeam "Dombovar"]
[BlackTeam "Elore MAV"]
[WhiteTeamCountry "HUN"]
[BlackTeamCountry "HUN"]

1. d4 d6 2. Nf3 Nf6 3. c4 g6 4. Nc3 Bg7 5. e4 0-0 6. Be2 e5 7. d5 a5 8. Bg5 h6 9. Bh4 Na6 10. Nd2 g5 11. Bg3 Nh7 12. f3 Bd7 13. 0-0 Nf6 14. Bf2 Nh5 15. g3 b6 16. f4 Nxf4 17. gxf4 exf4 18. Kh1 Nc5 19. Nb3 Re8 20. Nxc5 bxc5 21. Bf3 Be5 22. Rg1 f6 23. Qc2 Re7 24. Rae1 Rh7 25. Qe2 Be8 26. Bh5 Bd7 27. Nd1 a4 28. Qc2 Qb8 29. a3 Rg7 30. Qe2 1/2-1/2

[Event "HUN-chT2 Asztalos 0607"]
[Site "Hungary"]
[Date "2007.04.29"]
[Round "9"]
[White "Manyoki, Anna"]
[Black "Szabo, Peter"]
[Result "1/2-1/2"]
[WhiteElo "1931"]
[BlackElo "2056"]
[PlyCount "34"]
[EventDate "2006.11.12"]
[EventType "team-tourn"]
[EventRounds "11"]
[EventCountry "HUN"]
[SourceTitle "EXT 2008"]
[Source "ChessBase"]
[SourceDate "2007.11.25"]
[SourceVersion "1"]
[SourceVersionDate "2007.11.25"]
[SourceQuality "1"]
[WhiteTeam "MAV Elore"]
[BlackTeam "Szekszard"]
[WhiteTeamCountry "HUN"]
[BlackTeamCountry "HUN"]

1. e4 c5 2. c3 g6 3. d4 cxd4 4. cxd4 d5 5. exd5 Nf6 6. Nf3 Nxd5 7. Nc3 Nc6 8. Qb3 e6 9. Bb5 Bg7 10. Ne5 Qd6 11. 0-0 0-0 12. Bxc6 bxc6 13. Ne4 Qc7 14. Nf3 Rb8 15. Qc2 Nb4 16. Qd2 Rd8 17. Qf4 Qxf4 1/2-1/2